00337nam a22000977a 4500008004100000082002000041110004700061245008600108260003400194300001100228230623b xxu||||| |||| 00| 0 eng d a330.9bFOS 2003 bCentre for the Study of African Economies  aAfrican Economic Research ConsortiumbPlenary Sessions December 2000 and May 2001 bOxford University Pressc2003 aii211p